Tiryns ; the prehistoric palace of the kings of Tiryns.

Bibliographic Details
Main Author: Schliemann, Heinrich, 1822-1890
Format: Book
Language:English
Published: New York : B. Blom, [1967]
Subjects:

MARC

Tag First Indicator Second Indicator Subfields
LEADER 00000cam a2200000 4500
001 in00000307120
005 20151010140434.0
008 720911r19671885nyuab b 00000 eng d
010 |a  67014967  
035 |a (OCoLC)00403795 
035 |9 ABH2083AM 
040 |c WSU  |d OCL  |d TXA  |d UtOrBLW 
049 |a TXAM  |c [538268] 
090 |a DF221.T5  |b S3 1967 
100 1 |a Schliemann, Heinrich,  |d 1822-1890. 
245 1 0 |a Tiryns ;  |b the prehistoric palace of the kings of Tiryns. 
264 1 |a New York :  |b B. Blom,  |c [1967] 
300 |a lxiv, 385 pages :  |b illustrations map. 
336 |a text  |b txt  |2 rdacontent 
337 |a unmediated  |b n  |2 rdamedia 
338 |a volume  |b nc  |2 rdacarrier 
500 |a Reprint of the 1885 edition. 
504 |a Bibliographical footnotes. 
651 0 |a Tiryns (Extinct city) 
999 |a MARS 
999 f f |s 0920b824-8144-3cfe-8987-792dade0ed7d  |i dd4f2413-be48-3729-8cac-01f4e74d9fa4  |t 0 
952 f f |p normal  |a Texas A&M University  |b College Station  |c Sterling C. Evans Library  |d Evans: Library Stacks  |t 0  |e DF221.T5 S3 1967  |h Library of Congress classification  |i unmediated -- volume  |m A14801983143 
998 f f |a DF221.T5 S3 1967  |t 0  |l Evans: Library Stacks